Score 0/30 Timer 05:00
3 Plays Today
Book Title Character Name % Correct
... Hears a Who!Horton
87.3%
... and the Great Glass ElevatorCharlie
74.4%
... the BraveRamona
54.7%
... and the Purple CrayonHarold
54.1%
... and the Perilous Plot of Professor PoopypantsCaptain Underpants
48.7%
Fun With ... Dick and Jane
37.4%
... Flies a KiteCurious George
32%
A Pocket for ...Corduroy
30.7%
... and the Wild, Wild HoneyThe Berenstain Bears
27.4%
... Are FriendsFrog and Toad
26.9%
... and the Yucky Blucky FruitcakeJunie B. Jones
26.8%
... and the Bad HatMadeline
25.5%
... in the South SeasPippi
25.2%
... Solves them AllEncyclopedia Brown
22.9%
Bread and Jam for ...Frances
22%
Book Title Character Name % Correct
... and the Surprise ShowerAmelia Bedelia
19.9%
... in ParisEloise
19.1%
... Finds a Hot Dog!The Pigeon
18.7%
... Opens the DoorMary Poppins
15.2%
... and the OobleckBartholomew
13.4%
... Helps Out Paddington
12.1%
The Voyages of ...Doctor Dolittle
11.8%
... AfieldThe Borrowers
9.6%
A Kiss for ...Little Bear
9.2%
... Goes UndercoverNate the Great
8.2%
... at the AcademyThe Great Brain
5%
... and SatanThe Black Stallion
4.2%
... and His Electric RunaboutTom Swift
2.8%
... and the Homework MachineDanny Dunn
2.7%
...'s Baby-Sitting ServiceHenry Reed
2%

You're not logged in!

Compare scores with friends on all Sporcle quizzes.
OR
Log In

Sporcle TV

Today on Sporcle TV


Watch our educational content, quiz creation guides, and fun videos on Sporcle TV.

Show Comments

Extras

Top Quizzes Today


Score Distribution

Paid Content

Your Account Isn't Verified!

In order to create a playlist on Sporcle, you need to verify the email address you used during registration. Go to your Sporcle Settings to finish the process.

Report this User

Report this user for behavior that violates our Community Guidelines.

Details: